| 000 | 00791nam a2200253Ia 4500 | ||
|---|---|---|---|
| 003 | OSt | ||
| 005 | 20220923224214.0 | ||
| 006 | a|||||r|||| 00| 0 | ||
| 007 | ta | ||
| 008 | 220922b |||||||| |||| 00| 0 hin d | ||
| 024 | _a228,837 | ||
| 037 | _cTextual | ||
| 040 |
_aARTS _cARTS _bhin |
||
| 041 |
_2hin _ahin |
||
| 082 | _aV2.N5, 152P5 | ||
| 100 | _aराय, एम. एन. | ||
| 245 | 0 | _aसंक्रांति के दौर का भारत | |
| 246 | _aSankrāanti ke daur kā bhārata | ||
| 260 |
_aनई दिल्ली _b ग्रंथ शिल्पी _c2005 |
||
| 300 |
_a222पृ. _ccm. |
||
| 650 | _aविश्व-इतिहास | ||
| 942 |
_hV2.N5, 152P5 _cTEXL _2CC |
||
| 999 |
_c369979 _d369979 |
||